| 000 | 00986nam a22002657a 4500 | ||
|---|---|---|---|
| 999 |
_c63652 _d63652 |
||
| 005 | 20240530110652.0 | ||
| 008 | 171214s2016 ua g 000 0 ara d | ||
| 017 |
_a2015/22707 _bمصر. دار الكتب |
||
| 020 | _a9777800365 | ||
| 040 |
_aEG-CaGPL _cEG-CaGPL |
||
| 082 | 0 | 4 |
_221 _a155.42 / _bن ص |
| 100 | 0 | _aنائلة حسن فائق | |
| 245 | 1 | 2 |
_aالصحة النفسية فى مرحلة الطفولة المبكرة / _cنائلة حسن فائق |
| 250 | _aط.1 | ||
| 260 |
_aالقاهرة : _bعالم الكتب ، _c2016. |
||
| 300 |
_a292 ص. ؛ _c24 سم. |
||
| 504 | _aيشتمل على ارجاعات ببليوجرافية | ||
| 650 | 0 | 7 |
_2qrmak _aالاطفال _xعلم النفس |
| 650 | 0 | 7 |
_2qrmak _aعلم النفس التربوى |
| 650 | 0 | 7 |
_2qrmak _aالاطفال _xرعاية ذهنية |
| 650 | 0 | 7 |
_2qrmak _aالاطفال _xالعناية الصحية |
| 651 | _2qrmak | ||
| 942 |
_2ddc _cBK |
||